| 000 | 00376nam a22001337a 4500 | ||
|---|---|---|---|
| 005 | 20260313120359.0 | ||
| 008 | 260313b |||||||| |||| 00| 0 eng d | ||
| 040 | _cFLL | ||
| 041 |
_2eng _aeng |
||
| 100 | _aSakshi | ||
| 245 |
_aLegal Liability for Online Intermediaries _bUnderstanding India's Regulatory Framework |
||
| 260 |
_aDU _c2024 _bFaculty of Law |
||
| 942 |
_2CC _cDIS |
||
| 999 |
_c1715299 _d1715299 |
||